000 00793nam a22002777a 4500
001 BR2010004813
003 BR-BrBNA
005 20230928103402.0
007 ta
008 230509b bl.||||| |||| 00| 0 por d
040 _aBR-BrBNA
_bpor
_cBiblioteca Nacional de Agricultura
041 _a(Por)
072 _aM01; C20
090 _ M01 BR2010004813
110 1 _aPresidência da República, Brasília, DF (Brasil). Secretaria Especial de Aquicultura e Pesca
245 1 _aEssa água tá pra pesca!
260 3 _aBrasília, DF (Brasil):
_c[nd].
300 _a24 p.
650 _aPESCA
650 _aPROJETO DE DESENVOLVIMENTO
650 _aPLANEJAMENTO GOVERNAMENTAL
650 _aCRÉDITO
650 _aEXTENSÃO RURAL
909 _a202309
_bLucia
_c55
_dLucia Elande
942 _cBK
999 _c74892
_d74892